Análisis e interpretación de datos

Պահպանված է:
Մատենագիտական մանրամասներ
Հիմնական հեղինակ: Briones, Guillermo (Հեղինակ)
Ձևաչափ: Գիրք
Լեզու:իսպաներեն
Հրապարակվել է: Bogotá SECAB 1992
Հրատարակություն:2a. ed
Շարք:Formación de Docentes en Investigación Educativa, 4
Խորագրեր:
Ցուցիչներ: Ավելացրեք ցուցիչ
Չկան պիտակներ, Եղեք առաջինը, ով նշում է այս գրառումը!

MARC

LEADER 00000nam a2200000 a 4500
001 UCH4746
003 CL-VaPUC
008 090903e19920000CK |||||||||||||||||spa|d
020 |a 9589089186 
082 0 4 |a 370.7  |b BRI  |2 21 
100 0 |a Briones, Guillermo  |e author  |9 540656 
245 1 0 |a Análisis e interpretación de datos 
250 |a 2a. ed 
300 |a 150 p 
942 |c BK 
945 |d 20090903 00:00:00  |a rbrito 
260 |a Bogotá  |b SECAB  |c 1992 
650 0 |a Investigación educacional   |9 261192 
650 0 |a Formación profesional de profesores  |9 307493 
650 0 |a Autoevaluación   |9 307807 
583 |a last modification  |c 20090903 00:00:00  |k Rodrigo Vera 
490 0 |a Formación de Docentes en Investigación Educativa, 4 
999 |c 336017  |d 336015 
952 |0 0  |1 0  |4 0  |6 370_700000000000000_BRI_1992  |7 0  |8 A  |9 426887  |a BIBEDU  |b BIBEDU  |c ES_NOD  |d 2019-11-22  |i 4595084  |o 370.7 BRI 1992  |p 4595084  |r 2023-08-09  |w 2019-11-22  |y BK  |k BME